LEADER 00676nam a2200193 i 4500 001 000000252914 003 CaOOAMICUS 005 20230719144809.0 008 170214s1795 it u000 u ita u 026 $aZADI i-e- elo- Cose (3) 1795 (A) 040 $aSeMil$bita 245 10$aParte 2. 300 $a[6], 393, [3] p. 500 $aSegn.: pg1 chi2 A-3B4 3C6. 773 0 $aRatti, Nicola <1759-1833>$tDella famiglia Sforza. Parte 1. [-2.].$dRoma : Presso il Salomoni, 1794-1795$g2$w()6206 850 $aSeMil 852 $aSeMil$W1$xVenegono$y1$m3O V 42 FA$j203260$B203260$CSeMilBibl$Z2$F215967 $8I 996 $6245$aParte 2$9(OLS)http://semarc/title/108333 LEADER 00716nam a2200205 i 4500 001 000000100056 003 CaOOAMICUS 005 20180830171904.0 008 180830s1943 xx u000 u und u 013 $a72208 040 $aSeMil$bita 100 1 $aParini, Giuseppe,$d<1729-1799>.$0(OLS)http://semarc/name/1284 245 13$aIl giorno e odi scelte. 260 $aTorino :$bSEI,$c1943. 300 $a238 p. 700 1 $aSpongano, Raffaele.$0(OLS)http://semarc/name/2327 850 $aSeMil 852 $aSeMil$W1$xVenegono$y1$m54 30 1 *$j57307$B57307$CSeMilBibl$Z2$F67567 $81 996 $6245$aIl giorno e odi scelte$9(OLS)http://semarc/title/147356 996 $6260$aTorino :$bSEI$9(OLS)http://semarc/publisher/29848